000 00942nam a22003617a 4500
001 BR0601521
003 BR-BrBNA
005 20230928102121.0
007 ta
008 230509b bl.||||| |||| 00| 0 por d
040 _aBR-BrBNA
_bpor
_cBiblioteca Nacional de Agricultura
041 _a(Por)
072 _aE12; E14; E70
090 _ E12 BR0601521
100 1 _aLoss, W.R.
100 1 _aCosta, E.B. da
100 1 _aMaso, L.J.
100 1 _aSoares, E.S.
245 1 _aParceria agrícola no Espírito Santo
260 3 _aVitória, ES (Brasil):
_c2000.
300 _a139 p.
500 _a8 ref.; 47 tables
650 _aPARCERIA
650 _aCOMERCIALIZAÇÃO
650 _aMÃO-DE-OBRA
650 _aAGRICULTURA
650 _aPRODUÇÃO AGRÍCOLA
650 _aPROJETO DE DESENVOLVIMENTO
650 _aPOLÍTICA ECONÔMICA
650 _aPOLÍTICA SOCIAL
909 _a202309
_bLucia
_c55
_dLucia Elande
942 _cBK
999 _c69220
_d69220